| 000 | 01235nam a22003137a 4500 | ||
|---|---|---|---|
| 001 | 93 | ||
| 003 | FISKH | ||
| 005 | 20250827090342.0 | ||
| 008 | 230223b cb ||||| |||| 00| 0 eng d | ||
| 010 | _a 2006100692 | ||
| 020 | _a9780448446394 (pbk.) | ||
| 040 |
_aDLC _cDLC _dDLC _dFISKH _beng |
||
| 050 | 0 | 0 |
_aPZ8.3.W7185 _bNs 2007 |
| 082 | 0 | 0 |
_a813.16 _222 |
| 100 | 1 | _aWing, Natasha. | |
| 245 | 1 | 4 |
_aThe night before summer camp / _cby Natasha Wing ; illustrated by Mindy Pierce. |
| 260 |
_aNew York : _bPenguin _c2007 |
||
| 300 |
_a15 leaves of plates _bcol. ill. ; _c21 cm. |
||
| 490 | 0 | _aReading railroad books | |
| 520 | _aIn this poem based on "The Night Before Christmas," Rick has the jitters over starting summer day camp, but when he discovers that his counselor is also nervous because she is starting her first job, he feels a lot better. | ||
| 521 | 8 |
_a510
_bLexile |
|
| 521 | 8 |
_aK
_bRaz-Plus |
|
| 650 | 1 |
_aCamps _vFiction. |
|
| 650 | 1 | _aStories in rhyme. | |
| 700 | 1 |
_aPierce, Mindy, _eill. |
|
| 906 |
_a7 _bcbc _corignew _d1 _eecip _f20 _gy-gencatlg |
||
| 942 |
_2ddc _cBK _n0 |
||
| 999 |
_c93 _d93 |
||